Maanthrika aithihyamaala(മാന്ത്രിക ഐതിഹ്യമാല) (Record no. 116152)

MARC details
000 -LEADER
fixed length control field 00273 a2200097 4500
020 ## - INTERNATIONAL STANDARD BOOK NUMBER
International Standard Book Number 9789393003072
100 ## - MAIN ENTRY--PERSONAL NAME
Personal name Jessy Narayanan
245 ## - TITLE STATEMENT
Title Maanthrika aithihyamaala(മാന്ത്രിക ഐതിഹ്യമാല)
260 ## - PUBLICATION, DISTRIBUTION, ETC. (IMPRINT)
Name of publisher, distributor, etc Manorama books
Date of publication, distribution, etc 2022
942 ## - ADDED ENTRY ELEMENTS (KOHA)
Koha item type On order/under processing
Holdings
Withdrawn status Lost status Damaged status Not for loan Home library Current library Date acquired Source of acquisition Cost, normal purchase price Total Checkouts Barcode Date last seen Cost, replacement price Price effective from Koha item type
        University Library University Library 19/03/2026 269 233.35   00098227 19/03/2026 350.00 19/03/2026 On order/under processing
University Library, CUSAT